000 00338nam a2200145Ia 4500
100 _aAlley/C.L&Atwook/K.W
942 _cRB
654 _amicroelectronics
245 _aMicroelectronics
260 _bPrentice Hall of International
_aNew Jersey
_c1986
082 _a621.3817
_bALL/AT
300 _a542
546 _aENGLISH
999 _c28075
_d28075